000 00760nam a2200229 i 4500
001 33634
003 ES-MaACL
005 20260301142050.0
007 t|
008 030203m19721973sp |||| | spa d
080 _a338(43)"1933/45"
080 _a308(43)"1933/45"
100 1 _aBettelheim, Charles.
_928678
245 1 3 _aLa economía alemana bajo el nazismo /
_cCharles Bettelheim ; [traducción: Ignacio Romero de Solis].
260 _aMadrid :
_bFundamentos,
_c[1972-1973]
300 _a2 v. ;
_c19 cm.
651 7 _aAlemania-
_xSituación económica-
_v1933-1945
_2
_9167724
651 4 _aAlemania-
_xSituación social-
_y1933-1945.
_9167725
700 1 _aRomero de Solís, Ignacio.
_999374
852 _aES-MaACL
_jC-49323-24
999 _c33634
_d33634